| 000 | 00374nam a2200157Ia 4500 | ||
|---|---|---|---|
| 008 | 230917s9999||||xx |||||||||||||| ||und|| | ||
| 040 |
_e138187 _aMAIN |
||
| 041 | _aEnglish | ||
| 082 | _a005.26 H914C | ||
| 100 | _aHunt, Roger | ||
| 245 | 0 | _aComputer and commonsense | |
| 250 | _a4th ed. | ||
| 260 |
_aNew Delhi _bPrentice hall _c1994 |
||
| 300 | _a208p. p. | ||
| 942 | _cBK | ||
| 999 |
_c77282 _d77282 |
||